[Event "ESP-ch U12 Rapid"]
[Site "Salobrena"]
[Date "2022.07.17"]
[Round "6"]
[White "Navarro Miralles, Alvaro"]
[Black "Jove Albaiges, Guillem"]
[Result "0-1"]
[WhiteElo "1294"]
[BlackElo "1623"]
[PlyCount "60"]
[EventDate "2022.07.09"]
[EventType "swiss (rapid)"]
[EventRounds "9"]
[EventCountry "ESP"]
[SourceTitle "EXT 2023"]
[Source "ChessBase"]
[SourceDate "2022.10.05"]
[SourceVersion "1"]
[SourceVersionDate "2022.10.05"]
[SourceQuality "1"]

1. e4 c5 2. Nf3 d6 3. d4 cxd4 4. Nxd4 Nf6 5. Nc3 g6 6. f3 Bg7 7. Be3 Nc6 8. Qd2 0-0 9. Bc4 Bd7 10. 0-0-0 Rc8 11. Bb3 Ne5 12. h4 h5 13. Kb1 Nc4 14. Bxc4 Rxc4 15. Nb3 b5 16. a3 a5 17. Qd3 Be6 18. Nxb5 Nd7 19. N5d4 Ne5 20. Qd2 a4 21. Nxe6 fxe6 22. Nc1 Qb8 23. Nd3 Nxd3 24. cxd3 Rc7 25. Rc1 Rb7 26. Rc2 Rb3 27. Ka2 Qb7 28. Rb1 d5 29. Bh6 Rb8 30. Rc3 Bxc3 0-1